Working rule agreement for the construction industry (Record no. 115389)
[ view plain ]
| 000 -LEADER | |
|---|---|
| fixed length control field | 02010cam a22003015a 4500 |
| 001 - CONTROL NUMBER | |
| control field | L158570 |
| 008 - FIXED-LENGTH DATA ELEMENTS--GENERAL INFORMATION | |
| fixed length control field | 150429s2013 xxk f 000 0 eng d |
| 020 ## - INTERNATIONAL STANDARD BOOK NUMBER | |
| International Standard Book Number | 9781852631345 |
| 035 ## - SYSTEM CONTROL NUMBER | |
| System control number | (Sirsi) u158570 |
| 041 ## - LANGUAGE CODE | |
| Language code of text/sound track or separate title | eng |
| 050 ## - LIBRARY OF CONGRESS CALL NUMBER | |
| Classification number | 331.2049 |
| 110 ## - MAIN ENTRY--CORPORATE NAME | |
| Corporate name or jurisdiction name as entry element | Construction Industry Joint Council |
| 9 (RLIN) | 3606 |
| 245 ## - TITLE STATEMENT | |
| Title | Working rule agreement for the construction industry |
| Remainder of title | Revised 1st May 2013 |
| Medium | [electronic resource] |
| 260 ## - PUBLICATION, DISTRIBUTION, ETC. | |
| Place of publication, distribution, etc. | London |
| Name of publisher, distributor, etc. | CIJC |
| Date of publication, distribution, etc. | 2013 |
| 300 ## - PHYSICAL DESCRIPTION | |
| Extent | 66p. |
| 505 ## - FORMATTED CONTENTS NOTE | |
| Formatted contents note | 1 Entitlement to Basic Rates of Pay -- 2 Bonus -- 3 Working Hours -- 4 Overtime Rates -- 5 Daily Fare and Travel Allowance -- 6 Shift Working -- 7 Night Work -- 8 Continuous Working -- 9 Tide Work -- 10 Tunnel Work -- 11 Refuelling, Service, Maintenance and Repairs -- 12 Storage of Tools -- 13 Highways Maintenance -- 14 Transfer Arrangements -- 15 Subsistence Allowance -- 16 Periodic Leave -- 17 Guaranteed Minimum Weekly Earnings -- 18 Annual Holidays -- 19 Public Holidays -- 20 Payment of Industry Sick Pay -- 21 Benefits Schemes -- 22 Grievance Procedure -- 23 Disciplinary Procedure -- 24 Termination of Employment -- 25 Trade Unions -- 26 Scaffolders -- 27 Health Safety and Welfare -- 28 Reference Periods and Definitions -- 29 Length of Night Work WR6-10, 13 -- 30 Supplementary Agreements -- 31 Duration of Agreement -- Schedule 1: Specified work establishing entitlement to a skilled rate or the craft rate -- Mechanical plant drivers and operators -- Joint Secretaries Notes. |
| 520 ## - SUMMARY, ETC. | |
| Summary, etc. | Covers over 500,000 workers. It is the largest industrial agreement within the construction industry. |
| 650 ## - SUBJECT ADDED ENTRY--TOPICAL TERM | |
| Topical term or geographic name entry element | CONSTRUCTION INDUSTRY |
| 650 ## - SUBJECT ADDED ENTRY--TOPICAL TERM | |
| Topical term or geographic name entry element | RATES OF PAY |
| 650 ## - SUBJECT ADDED ENTRY--TOPICAL TERM | |
| Topical term or geographic name entry element | WAGES |
| 650 ## - SUBJECT ADDED ENTRY--TOPICAL TERM | |
| Topical term or geographic name entry element | WORKING CONDITIONS |
| 650 ## - SUBJECT ADDED ENTRY--TOPICAL TERM | |
| Topical term or geographic name entry element | WORKING RULE AGREEMENT |
| 651 #4 - SUBJECT ADDED ENTRY--GEOGRAPHIC NAME | |
| Geographic name | ENGLAND AND WALES |
| 690 ## - LOCAL SUBJECT ADDED ENTRY--TOPICAL TERM (OCLC, RLIN) | |
| Topical term or geographic name as entry element | BUILT ENVIRONMENT |
| 856 40 - ELECTRONIC LOCATION AND ACCESS | |
| Uniform Resource Identifier | <a href="https://www.ucatt.org.uk/cijc-construction-industry-joint-council-working-rule-agreement">https://www.ucatt.org.uk/cijc-construction-industry-joint-council-working-rule-agreement</a> |
| Processor of request | View this item at www.ucatt.org.uk |
| 942 ## - ADDED ENTRY ELEMENTS (KOHA) | |
| Suppress in OPAC | 0 |
| 948 ## - LOCAL PROCESSING INFORMATION (OCLC); SERIES PART DESIGNATOR (RLIN) | |
| c (OCLC) | 20/03/1998 |
| Withdrawn status | Lost status | Source of classification or shelving scheme | Damaged status | Not for loan | Home library | Current library | Shelving location | Date acquired | Total Checkouts | Full call number | Barcode | Date last seen | Copy number | Price effective from | Koha item type |
|---|---|---|---|---|---|---|---|---|---|---|---|---|---|---|---|
| Dewey Decimal Classification | Virtual | Virtual | Online | 29/04/2015 | ONLINE PUBLICATION | 158570-2001 | 06/08/2019 | 1 | 06/08/2019 | Book |